[Event "Tata Steel India Rapid"]
[Site "Kolkata IND"]
[Date "2018.11.09"]
[Round "1.1"]
[White "Nihal, Sarin"]
[Black "Karjakin, Sergey"]
[Result "1/2-1/2"]
[WhiteTitle "IM"]
[BlackTitle "GM"]
[WhiteElo "2576"]
[BlackElo "2753"]
[WhiteFideId "25092340"]
[BlackFideId "14109603"]
[EventDate "2018.11.09"]

1. e4 c6 2. Nf3 d5 3. exd5 cxd5 4. Ne5 Nf6 5. d4 g6 6. c3 Bg7 7. Bd3 O-O 8. O-O
Nc6 9. Qe2 Bf5 10. Bxf5 gxf5 11. Nd3 e6 12. Bg5 Ne7 13. Bxf6 Bxf6 14. Nf4 Nc8
15. Nd2 Nd6 16. Nh5 Kh8 17. Nf3 Rg8 18. Ne5 Qe7 19. Rad1 Rad8 20. Rd3 Ne4 21.
Rh3 Ng5 22. Rg3 Ne4 23. Rxg8+ Kxg8 24. f3 Nd6 25. Nxf6+ Qxf6 26. Nd3 Qh6 27. Re1
Nc4 28. Ne5 Nxe5 29. Qxe5 Qd2 30. Re2 Qc1+ 31. Kf2 Rc8 32. Qg3+ Kf8 33. Qd6+ Kg7
34. Qg3+ Kf8 35. Qd6+ Kg7 36. Qd7 Rc6 37. Qxb7 Rb6 38. Qc7 Rxb2 39. Qg3+ Kf8 40.
Qd6+ Kg7 41. Qg3+ 1/2-1/2

[Event "Tata Steel India Rapid"]
[Site "Kolkata IND"]
[Date "2018.11.09"]
[Round "1.2"]
[White "Mamedyarov, Shakhriyar"]
[Black "Vidit, Santosh Gujrathi"]
[Result "1-0"]
[WhiteTitle "GM"]
[BlackTitle "GM"]
[WhiteElo "2817"]
[BlackElo "2702"]
[WhiteFideId "13401319"]
[BlackFideId "5029465"]
[EventDate "2018.11.09"]

1. d4 Nf6 2. c4 e6 3. a3 d5 4. Nc3 c5 5. e3 cxd4 6. exd4 Nc6 7. Nf3 Be7 8. c5
Ne4 9. Bd3 Nxc3 10. bxc3 b6 11. cxb6 axb6 12. Qe2 Qc7 13. O-O O-O 14. a4 Qa7 15.
Ng5 g6 16. Rd1 h6 17. Nf3 Kg7 18. Ne5 Qc7 19. Nxc6 Qxc6 20. Qe5+ f6 21. Qg3 g5
22. Bb5 Qb7 23. Rb1 Bd7 24. Bxd7 Qxd7 25. Rxb6 Rfc8 26. h4 Rc6 27. Rxc6 Qxc6 28.
f4 Qc7 29. Re1 Rxa4 30. Qh3 Ra6 31. hxg5 hxg5 32. Rf1 Bd8 33. fxg5 fxg5 34. Qh5
Ra1 35. Bxg5 Rxf1+ 36. Kxf1 Bxg5 37. Qxg5+ Kf7 38. Qh5+ Kf6 39. Qh6+ Kf5 40. Qe3
Qc4+ 41. Kf2 Kf6 42. g4 Qa2+ 43. Kg3 Qb1 44. Qe5+ Kf7 45. Kh4 Qc2 46. Kg5 Qg6+
47. Kf4 Qb1 48. Qh5+ Ke7 49. Kg5 Qc1+ 50. Kg6 Qxc3 51. Qg5+ Kd7 52. Qe5 Qf3 53.
g5 Qe4+ 54. Kf6 Qh7 55. Qxe6+ Kd8 56. Qxd5+ 1-0

[Event "Tata Steel India Rapid"]
[Site "Kolkata IND"]
[Date "2018.11.09"]
[Round "1.3"]
[White "Harikrishna, Pentala"]
[Black "Ganguly, Surya Shekhar"]
[Result "1/2-1/2"]
[WhiteTitle "GM"]
[BlackTitle "GM"]
[WhiteElo "2729"]
[BlackElo "2615"]
[WhiteFideId "5007003"]
[BlackFideId "5002150"]
[EventDate "2018.11.09"]

1. e4 c6 2. d4 d5 3. exd5 cxd5 4. Bf4 Nc6 5. c3 e6 6. Nd2 Nge7 7. Bd3 Ng6 8. Bg3
Bd6 9. Ne2 e5 10. Bxg6 hxg6 11. dxe5 Bxe5 12. Bxe5 Nxe5 13. Qa4+ Bd7 14. Qd4 Qf6
15. O-O O-O 16. f4 Ng4 17. Qxf6 Nxf6 18. Nd4 Rfe8 19. N2f3 Ng4 20. Rfe1 f6 21.
Nc2 Bf5 22. h3 Bxc2 23. hxg4 Be4 24. Nd4 g5 25. fxg5 fxg5 26. Rad1 Rad8 27. Rd2
a6 28. Red1 Rd6 29. Nf3 Rf8 30. Nxg5 Rg6 31. Nxe4 dxe4 32. Rd8 Rxg4 33. R1d7 Rf4
34. Rxf8+ Kxf8 35. Rd4 Kf7 36. g3 Rf3 37. Kg2 Re3 38. Rd7+ Kf6 39. Rxb7 Re2+ 40.
Kf1 Rc2 41. a4 g5 42. a5 Kf5 43. b4 Rxc3 44. Rb6 Rb3 45. Rxa6 Rxb4 46. Rb6 Ra4
47. Rb5+ Kg4 48. Kf2 Ra3 49. Re5 e3+ 50. Ke2 Kh5 51. Kf3 e2+ 52. Kxe2 Rxg3 53.
Re3 Rg2+ 54. Kd3 Ra2 55. Re5 1/2-1/2

[Event "Tata Steel India Rapid"]
[Site "Kolkata IND"]
[Date "2018.11.09"]
[Round "1.4"]
[White "Anand, Viswanathan"]
[Black "So, Wesley"]
[Result "1/2-1/2"]
[WhiteTitle "GM"]
[BlackTitle "GM"]
[WhiteElo "2773"]
[BlackElo "2765"]
[WhiteFideId "5000017"]
[BlackFideId "5202213"]
[EventDate "2018.11.09"]

1. e4 e5 2. Nf3 Nc6 3. Bc4 Bc5 4. c3 Nf6 5. d3 O-O 6. O-O d6 7. Re1 h6 8. Nbd2
a6 9. a4 a5 10. Nf1 Be6 11. b3 d5 12. exd5 Nxd5 13. Bd2 Bd6 14. Ng3 Re8 15. Qc2
Nb6 16. Bxe6 Rxe6 17. d4 exd4 18. Rxe6 fxe6 19. cxd4 Bxg3 20. hxg3 Nxd4 21. Nxd4
Qxd4 22. Re1 Qd7 23. Re5 Rd8 24. Bxa5 Qd1+ 25. Qxd1 Rxd1+ 26. Re1 Rxe1+ 27. Bxe1
Kf7 28. Kf1 e5 29. Ke2 Ke6 30. g4 Kd5 31. Kd3 Nd7 32. Bd2 e4+ 33. Kc3 Ne5 34. g5
h5 35. Bf4 Nd3 36. Bxc7 Nxf2 37. Bb6 Nd3 38. g3 Nc1 39. Bf2 Ne2+ 40. Kd2 Nd4 41.
Bxd4 Kxd4 42. a5 e3+ 43. Ke2 Kc3 44. Kxe3 Kxb3 45. Ke4 Kb4 46. Kf5 Kxa5 47. Kg6
b5 48. Kxg7 b4 49. g6 b3 50. Kh6 b2 51. g7 b1=Q 52. g8=Q Qd1 53. Qg5+ Kb4 54.
Qxh5 Qd6+ 55. Qg6 Qf8+ 56. Kg5 Qd8+ 57. Qf6 Qg8+ 58. Kh4 Qh7+ 59. Kg4 Qg8+ 60.
Kh3 Kc5 61. g4 Kd5 62. Kh4 Qh7+ 63. Kg5 Qg8+ 64. Qg6 Qd8+ 65. Kh5 Qh8+ 66. Kg5
Qd8+ 67. Kh6 Qh8+ 68. Qh7 Qf6+ 69. Kh5 Ke5 70. Qc7+ Kd5 71. g5 Qf3+ 72. Kh6 Qe3
73. Qd7+ Kc4 74. Qc6+ Kb4 75. Kg6 Qd3+ 76. Kh6 Qe3 77. Qd6+ Kb3 78. Kg6 Ka2 79.
Qd5+ Ka3 80. Kg7 Qe7+ 81. Kg6 Qe3 82. Kf6 Qf4+ 83. Qf5 Qd6+ 84. Kg7 Qd4+ 85. Kg8
Qc4+ 86. Qf7 Qg4 87. g6 Kb2 88. Qb7+ Ka1 89. Qc6 Kb1 90. Qb5+ Ka1 91. Qd3 Qh5
92. Qe4 Qg5 93. g7 Qd8+ 94. Kh7 Qc7 95. Qg2 Qa7 96. Qf1+ Kb2 97. Kg6 Qa8 98.
Qe2+ Kb1 99. Qd3+ Ka1 100. Qd4+ Kb1 101. Qb4+ Ka1 102. Qc3+ Kb1 103. Qb3+ Ka1
104. Qe6 Qg2+ 105. Kh7 Qh1+ 106. Qh6 Qe4+ 107. Kh8 Qe5 108. Qh3 Kb1 109. Qg4
Qh2+ 110. Kg8 Ka1 111. Qd4+ Kb1 112. Qb4+ Ka1 113. Qc3+ Kb1 114. Kf7 Qf2+ 115.
Qf6 Qa7+ 116. Kg6 Qa8 117. Kh7 Qb7 118. Qf1+ Ka2 119. Kh8 Qb2 120. Qc4+ Ka1 121.
Qa4+ Kb1 122. Qe4+ Ka1 123. Kh7 Qh2+ 124. Kg6 Qd6+ 125. Kf7 Qc7+ 126. Qe7 Qc4+
127. Qe6 Qc7+ 128. Kg6 Qc2+ 129. Qf5 Qg2+ 130. Kf7 Qb7+ 131. Kf6 Qb6+ 132. Kg5
Qe3+ 133. Qf4 Qg1+ 134. Kf6 Qb6+ 135. Kf5 Qb1+ 136. Qe4 Qf1+ 137. Ke6 Qa6+ 138.
Kf7 Qa7+ 139. Qe7 Qa2+ 140. Qe6 Qa7+ 141. Kf8 Qa8+ 142. Kf7 Qa7+ 143. Qe7 Qa2+
144. Kg6 Qc2+ 145. Kf7 Qa2+ 1/2-1/2

[Event "Tata Steel India Rapid"]
[Site "Kolkata IND"]
[Date "2018.11.09"]
[Round "2.1"]
[White "Ganguly, Surya Shekhar"]
[Black "So, Wesley"]
[Result "1/2-1/2"]
[WhiteTitle "GM"]
[BlackTitle "GM"]
[WhiteElo "2615"]
[BlackElo "2765"]
[WhiteFideId "5002150"]
[BlackFideId "5202213"]
[EventDate "2018.11.09"]

1. e4 e5 2. Nf3 Nc6 3. Bc4 Bc5 4. c3 Nf6 5. d3 O-O 6. b4 Be7 7. Nbd2 d5 8. Bb3
Be6 9. O-O dxe4 10. dxe4 Bxb3 11. Qxb3 Qd3 12. Re1 b5 13. a4 a6 14. Nf1 h6 15.
Bb2 Rfd8 16. a5 Qd7 17. Rad1 Qe8 18. Qc2 Rxd1 19. Rxd1 Rd8 20. Rxd8 Qxd8 21. Ne3
Qd7 22. h3 Qe6 23. Bc1 Nb8 24. Bd2 c5 25. bxc5 Bxc5 26. c4 b4 27. Nd5 Nc6 28.
Qb1 Qd6 29. Nh4 g6 30. Nf3 Kh7 31. Ne1 Nxd5 32. cxd5 Nxa5 33. Nd3 Nc4 34. Bxb4
Bxb4 35. Qxb4 Qxb4 36. Nxb4 a5 37. Na2 a4 38. f3 f5 39. Kf2 Kg7 40. Ke2 Kf6 41.
Kd3 Nd6 42. Nc3 a3 43. Kc2 Nc4 44. Kb3 Ne3 45. g4 Nf1 46. gxf5 gxf5 47. Kxa3 Nd2
48. exf5 Kxf5 49. Kb4 Nxf3 50. Kc5 e4 51. d6 Ne5 52. Kd4 e3 53. Kxe3 1/2-1/2

[Event "Tata Steel India Rapid"]
[Site "Kolkata IND"]
[Date "2018.11.09"]
[Round "2.2"]
[White "Aronian, Levon"]
[Black "Nihal, Sarin"]
[Result "1-0"]
[WhiteTitle "GM"]
[BlackTitle "IM"]
[WhiteElo "2765"]
[BlackElo "2576"]
[WhiteFideId "13300474"]
[BlackFideId "25092340"]
[EventDate "2018.11.09"]

1. e4 e5 2. Nf3 Nc6 3. Bb5 f5 4. d3 fxe4 5. dxe4 Nf6 6. Bg5 Bc5 7. Nc3 d6 8. Nd5
Be6 9. Bxf6 gxf6 10. b4 Bxd5 11. exd5 Bxb4+ 12. Kf1 a6 13. Ba4 b5 14. dxc6 bxa4
15. Nh4 Qe7 16. Qg4 Bc5 17. Nf5 Qf7 18. Ng7+ Ke7 19. Qd7+ Kf8 20. Ne6+ Kg8 21.
Nxc5 dxc5 22. Rd1 h5 23. Ke2 Rh7 24. Qxf7+ Rxf7 25. Rd5 Rb8 26. Rxc5 Rb2 27. a3
Re7 28. Rd1 Kf7 29. Rd8 Rb6 30. Rh8 Ke6 31. Rxh5 Kd6 32. Rc3 Rxc6 33. Rxc6+ Kxc6
34. Rh4 Re6 35. Rxa4 Kd7 36. Rc4 Kd6 37. g4 Kd5 38. Rxc7 e4 39. h4 Rb6 40. Ke3
Rb1 41. Rd7+ Ke6 42. Rd4 f5 43. Kf4 fxg4 44. Rxe4+ Kf6 45. Kxg4 Rb2 46. Rc4 Ra2
47. Rc3 a5 48. h5 1-0

[Event "Tata Steel India Rapid"]
[Site "Kolkata IND"]
[Date "2018.11.09"]
[Round "2.4"]
[White "Harikrishna, Pentala"]
[Black "Mamedyarov, Shakhriyar"]
[Result "1-0"]
[WhiteTitle "GM"]
[BlackTitle "GM"]
[WhiteElo "2729"]
[BlackElo "2817"]
[WhiteFideId "5007003"]
[BlackFideId "13401319"]
[EventDate "2018.11.09"]

1. e4 c6 2. d4 d5 3. e5 Bf5 4. Nf3 e6 5. Be2 Ne7 6. O-O c5 7. c4 Nbc6 8. dxc5
dxc4 9. Bxc4 Ng6 10. Be3 Be7 11. Nc3 O-O 12. Be2 Qb8 13. Nd2 Rd8 14. f4 Nb4 15.
Rc1 b6 16. c6 Nxc6 17. Bf3 Qb7 18. Nb5 Rac8 19. Nd4 Bc5 20. Nxf5 exf5 21. Qe1
Qa6 22. Bxc5 bxc5 23. Bxc6 Rxc6 24. a3 Rd4 25. Qe3 Rd3 26. Qe2 c4 27. Nxc4 Rd4
28. b3 Rxf4 29. Rxf4 Nxf4 30. Qf3 Ne6 31. Qxf5 Qb5 32. Qd3 Qc5+ 33. Kf1 h6 34.
Rd1 Qb5 35. Kg1 Nc5 36. Qc2 Ne6 37. Qd3 Nc5 38. Qf3 Nxb3 39. Rd8+ Kh7 40. Qf5+
Rg6 41. Qxf7 Rc6 42. Qf5+ 1-0

[Event "Tata Steel India Rapid"]
[Site "Kolkata IND"]
[Date "2018.11.09"]
[Round "2.5"]
[White "Karjakin, Sergey"]
[Black "Anand, Viswanathan"]
[Result "1/2-1/2"]
[WhiteTitle "GM"]
[BlackTitle "GM"]
[WhiteElo "2753"]
[BlackElo "2773"]
[WhiteFideId "14109603"]
[BlackFideId "5000017"]
[EventDate "2018.11.09"]

1. e4 e5 2. Nf3 Nc6 3. Bc4 Bc5 4. O-O Nf6 5. d3 O-O 6. Nbd2 d6 7. c3 a6 8. Bb3
Ba7 9. h3 h6 10. Re1 Re8 11. Nh2 Be6 12. Qf3 Bxb3 13. axb3 Qd7 14. Ndf1 Qe6 15.
b4 Ne7 16. Ng3 c6 17. Ng4 Nxg4 18. Qxg4 Qxg4 19. hxg4 d5 20. Be3 Bxe3 21. Rxe3
Rad8 22. Rd1 f6 23. Ne2 Nc8 24. Nc1 Nd6 25. exd5 cxd5 26. Nb3 Kf7 27. Kf1 Re7
28. Rde1 Rc7 29. Rf3 Re8 30. Rfe3 Rd8 31. Rf3 Re8 1/2-1/2

[Event "Tata Steel India Rapid"]
[Site "Kolkata IND"]
[Date "2018.11.09"]
[Round "3.2"]
[White "Anand, Viswanathan"]
[Black "Aronian, Levon"]
[Result "1/2-1/2"]
[WhiteTitle "GM"]
[BlackTitle "GM"]
[WhiteElo "2773"]
[BlackElo "2765"]
[WhiteFideId "5000017"]
[BlackFideId "13300474"]
[EventDate "2018.11.09"]

1. e4 e5 2. Nf3 Nc6 3. Bb5 Nf6 4. O-O Nxe4 5. Re1 Nd6 6. Nxe5 Be7 7. Bf1 Nxe5 8.
Rxe5 O-O 9. d4 Ne8 10. c4 Bf6 11. Re1 d5 12. cxd5 Qxd5 13. Be3 Qd8 14. Nc3 Bg5
15. Bxg5 Qxg5 16. Re5 Qd8 17. Qd2 Nf6 18. Bc4 Ng4 19. Re2 Qd6 20. g3 Nf6 21.
Rae1 Bd7 22. Re5 Rad8 23. Ne4 Nxe4 24. R1xe4 Bc6 25. d5 Bd7 26. Qc3 a6 27. Bb3
Rfe8 28. h4 Rxe5 29. Qxe5 Qxe5 30. Rxe5 Kf8 31. f4 f6 32. Re3 Be8 33. Rc3 c6 34.
dxc6 Bxc6 35. Bc2 Rd2 36. b4 h6 37. Kf1 Ke7 38. Ke1 Rh2 1/2-1/2

[Event "Tata Steel India Rapid"]
[Site "Kolkata IND"]
[Date "2018.11.09"]
[Round "3.3"]
[White "So, Wesley"]
[Black "Karjakin, Sergey"]
[Result "1/2-1/2"]
[WhiteTitle "GM"]
[BlackTitle "GM"]
[WhiteElo "2765"]
[BlackElo "2753"]
[WhiteFideId "5202213"]
[BlackFideId "14109603"]
[EventDate "2018.11.09"]

1. e4 e5 2. Nf3 Nc6 3. Bb5 Nf6 4. d3 Bc5 5. Bxc6 dxc6 6. O-O Qe7 7. Bg5 h6 8.
Bh4 Bg4 9. h3 Bxf3 10. Qxf3 g5 11. Bg3 O-O-O 12. Nd2 Nd7 13. Qf5 f6 14. Nc4 Qh7
15. Ne3 h5 16. Rad1 h4 17. Bh2 Qxf5 18. Nxf5 Nf8 19. c3 Ne6 20. Rd2 Rd7 21. Rfd1
Rhd8 22. Kf1 Bf8 23. Ke2 c5 24. Ne3 b5 25. b3 c6 26. Kf3 b4 27. c4 Rh7 28. Kg4
Kd7 29. Nf5 Ke8 30. g3 Bd6 31. gxh4 gxh4 32. Rg1 Bc7 33. Kf3 Ng5+ 34. Ke2 Nxh3
35. Rg4 Kf7 36. Nxh4 Rg8 37. Rxg8 Kxg8 38. Nf3 Ng5 39. Nxg5 fxg5 40. Bg3 g4 41.
a3 a5 42. Ra2 Rh1 43. axb4 cxb4 44. d4 Rb1 45. Bxe5 Bxe5 46. dxe5 Rxb3 47. Rxa5
Ra3 48. Rc5 Ra6 49. e6 Kf8 50. Kd3 Ra2 51. Rg5 Rxf2 52. Rxg4 b3 53. Rg1 Ke7 54.
Rb1 b2 55. Kc3 Kxe6 56. Rxb2 Rxb2 57. Kxb2 Ke5 58. c5 Kxe4 59. Kc3 Kd5 60. Kd3
Kxc5 61. Kc3 1/2-1/2

[Event "Tata Steel India Rapid"]
[Site "Kolkata IND"]
[Date "2018.11.09"]
[Round "3.4"]
[White "Mamedyarov, Shakhriyar"]
[Black "Ganguly, Surya Shekhar"]
[Result "1-0"]
[WhiteTitle "GM"]
[BlackTitle "GM"]
[WhiteElo "2817"]
[BlackElo "2615"]
[WhiteFideId "13401319"]
[BlackFideId "5002150"]
[EventDate "2018.11.09"]

1. c4 e5 2. g3 Nf6 3. Bg2 c6 4. Nf3 e4 5. Nd4 d5 6. cxd5 cxd5 7. d3 Bc5 8. Nb3
Bb6 9. O-O O-O 10. Nc3 Bf5 11. Bg5 Re8 12. Bxf6 Qxf6 13. Nxd5 Qxb2 14. dxe4 Bg4
15. Bf3 Bh3 16. Qc1 Qe5 17. Rd1 Nc6 18. Qf4 Be6 19. Rac1 f6 20. Nc5 Nd4 21. Qxe5
fxe5 22. Nxb7 Rf8 23. Nc5 Bxd5 24. exd5 Rac8 25. Nd7 Rxc1 26. Rxc1 e4 27. Bg4
Rd8 28. Rc4 h5 29. Nxb6 hxg4 30. Rxd4 axb6 31. e3 1-0

[Event "Tata Steel India Rapid"]
[Site "Kolkata IND"]
[Date "2018.11.09"]
[Round "3.5"]
[White "Nihal, Sarin"]
[Black "Vidit, Santosh Gujrathi"]
[Result "1/2-1/2"]
[WhiteTitle "IM"]
[BlackTitle "GM"]
[WhiteElo "2576"]
[BlackElo "2702"]
[WhiteFideId "25092340"]
[BlackFideId "5029465"]
[EventDate "2018.11.09"]

1. e4 e5 2. Nf3 Nc6 3. Nc3 Nf6 4. d4 exd4 5. Nxd4 Bb4 6. Nxc6 bxc6 7. Bd3 d5 8.
exd5 O-O 9. O-O Bg4 10. f3 Bh5 11. Bg5 cxd5 12. Bxf6 Qxf6 13. Nxd5 Qxb2 14. Rb1
Bc5+ 15. Kh1 Qe5 16. f4 Bxd1 17. fxe5 Bg4 18. Rf4 Be6 19. Nxc7 Rab8 20. Ra1 Bb6
21. Nxe6 fxe6 22. Rxf8+ Rxf8 23. Bc4 Kf7 24. Rd1 Rd8 25. Rf1+ Ke7 26. Bd3 h6 27.
g3 Bc7 28. Bg6 Rf8 29. Rxf8 Kxf8 1/2-1/2

[Event "Tata Steel India Rapid"]
[Site "Kolkata IND"]
[Date "2018.11.10"]
[Round "4.1"]
[White "Ganguly, Surya Shekhar"]
[Black "Karjakin, Sergey"]
[Result "0-1"]
[WhiteTitle "GM"]
[BlackTitle "GM"]
[WhiteElo "2615"]
[BlackElo "2753"]
[WhiteFideId "5002150"]
[BlackFideId "14109603"]
[EventDate "2018.11.09"]

1. e4 e5 2. Nf3 Nc6 3. Bc4 Bc5 4. c3 Nf6 5. d3 d6 6. b4 Bb6 7. a4 a5 8. b5 Ne7
9. O-O Ng6 10. Bb3 O-O 11. Nbd2 c6 12. Nc4 Bc7 13. Re1 Be6 14. Ba3 Re8 15. Ng5
Bxc4 16. Bxc4 d5 17. Ba2 Bd6 18. Bxd6 Qxd6 19. Rb1 h6 20. Nf3 Rad8 21. Qc2 Re7
22. bxc6 bxc6 23. exd5 Nxd5 24. d4 e4 25. Nd2 Ngf4 26. Nxe4 Qg6 27. g3 Rde8 28.
f3 f5 29. Qd2 Nh3+ 30. Kg2 fxe4 31. fxe4 Rxe4 32. Rxe4 Rxe4 33. Rb8+ Kf7 34.
Rb7+ Kf6 35. Bxd5 Nf4+ 36. Qxf4+ Rxf4 37. Rf7+ Kg5 38. Rxf4 cxd5 39. h4+ Kh5 40.
Kh3 Qe6+ 41. g4+ Kg6 42. Rf5 Qe3+ 0-1

[Event "Tata Steel India Rapid"]
[Site "Kolkata IND"]
[Date "2018.11.10"]
[Round "4.2"]
[White "Vidit, Santosh Gujrathi"]
[Black "Anand, Viswanathan"]
[Result "1/2-1/2"]
[WhiteTitle "GM"]
[BlackTitle "GM"]
[WhiteElo "2702"]
[BlackElo "2773"]
[WhiteFideId "5029465"]
[BlackFideId "5000017"]
[EventDate "2018.11.09"]

1. Nf3 d5 2. e3 c5 3. d4 Nf6 4. c4 cxd4 5. exd4 g6 6. Nc3 Bg7 7. Qb3 dxc4 8.
Bxc4 O-O 9. d5 Nbd7 10. O-O Nb6 11. Bg5 h6 12. Bh4 Nxc4 13. Qxc4 e6 14. Rfd1 g5
15. dxe6 Bxe6 16. Qb4 a5 17. Qa3 Qe8 18. Bg3 b5 19. b4 Nd5 20. Nxd5 Bxd5 21.
Rac1 axb4 22. Qxb4 Bxf3 23. gxf3 Rxa2 24. Re1 Qd7 25. Rb1 Qc6 26. Kg2 f5 27. Be5
Qc2 28. Qb3+ Qxb3 29. Rxb3 Re8 1/2-1/2

[Event "Tata Steel India Rapid"]
[Site "Kolkata IND"]
[Date "2018.11.10"]
[Round "4.3"]
[White "Harikrishna, Pentala"]
[Black "Nihal, Sarin"]
[Result "1/2-1/2"]
[WhiteTitle "GM"]
[BlackTitle "IM"]
[WhiteElo "2729"]
[BlackElo "2576"]
[WhiteFideId "5007003"]
[BlackFideId "25092340"]
[EventDate "2018.11.09"]

1. e4 e5 2. Nf3 Nc6 3. Bb5 f5 4. d3 fxe4 5. dxe4 Nf6 6. O-O Bc5 7. Bxc6 bxc6 8.
Nxe5 O-O 9. Nc3 d6 10. Na4 Qe8 11. Nd3 Bg4 12. Qe1 Bd4 13. c3 Bb6 14. Nxb6 axb6
15. c4 Be6 16. b3 b5 17. cxb5 Bxb3 18. Qc3 Ba4 19. bxc6 Qxe4 20. Nb4 Rab8 21.
Bd2 Nd5 22. Nxd5 Qxd5 23. Rfc1 Bxc6 24. Qc4 Rf7 25. Qxd5 Bxd5 26. a4 Ra8 27. a5
Ra6 28. Rab1 c5 29. Rd1 Rb7 30. Rbc1 Be6 31. h4 Kf7 32. Bf4 Rd7 33. Rc3 Rxa5 34.
Bxd6 c4 35. Rd4 Rd5 36. Rf3+ Rf5 37. Ra3 Rd5 38. Rxd5 Bxd5 39. Be5 g6 40. Ra6
Be6 41. f3 h5 42. Kf2 Rd5 43. Bc3 Rd3 44. Ra7+ Rd7 45. Ra6 Rd3 46. Be5 Rd5 47.
Ra7+ Rd7 48. Ra8 Rd5 49. Bh8 Rd2+ 50. Kg3 Bf5 51. Ra7+ 1/2-1/2

[Event "Tata Steel India Rapid"]
[Site "Kolkata IND"]
[Date "2018.11.10"]
[Round "4.4"]
[White "Aronian, Levon"]
[Black "So, Wesley"]
[Result "1-0"]
[WhiteTitle "GM"]
[BlackTitle "GM"]
[WhiteElo "2765"]
[BlackElo "2765"]
[WhiteFideId "13300474"]
[BlackFideId "5202213"]
[EventDate "2018.11.09"]

1. Nf3 d5 2. e3 Nf6 3. c4 e6 4. Nc3 dxc4 5. Bxc4 a6 6. Be2 c5 7. O-O Nc6 8. d4
cxd4 9. exd4 Be7 10. Be3 b5 11. Ne5 Bd7 12. Bf3 Rc8 13. a4 b4 14. Ne2 O-O 15.
Qd3 a5 16. Rfc1 Nb8 17. b3 Rxc1+ 18. Rxc1 Bc8 19. Nf4 Bd6 20. Nc4 Ba6 21. Qd2
Bc7 22. d5 Bxc4 23. Rxc4 e5 24. d6 Bxd6 25. Nd5 Nbd7 26. Rc6 Be7 27. Nxf6+ Nxf6
28. Qxd8 Rxd8 29. Bb6 Rd3 30. Rc8+ Bf8 31. h3 Rxb3 32. Bxa5 Rb1+ 33. Kh2 e4 34.
Be2 g5 35. Bb6 Kg7 36. Bd4 Bd6+ 37. g3 Re1 38. Rc6 Be7 39. Bc4 Rc1 40. a5 b3 41.
a6 e3 42. a7 1-0

[Event "Tata Steel India Rapid"]
[Site "Kolkata IND"]
[Date "2018.11.10"]
[Round "5.2"]
[White "Nihal, Sarin"]
[Black "Mamedyarov, Shakhriyar"]
[Result "1/2-1/2"]
[WhiteTitle "IM"]
[BlackTitle "GM"]
[WhiteElo "2576"]
[BlackElo "2817"]
[WhiteFideId "25092340"]
[BlackFideId "13401319"]
[EventDate "2018.11.09"]

1. e4 e5 2. Nf3 Nc6 3. Bb5 a6 4. Ba4 Nf6 5. O-O Be7 6. Bxc6 dxc6 7. d3 Nd7 8.
Nbd2 f6 9. a4 Nf8 10. a5 Bg4 11. Nc4 Ne6 12. Ne3 Bh5 13. Nf5 Qd7 14. Be3 O-O-O
15. h3 Rhe8 16. Ng3 Bf7 17. Nd2 c5 18. Nc4 Nd4 19. b3 g5 20. Bxd4 cxd4 21. Qf3
Rf8 22. Nf5 Kb8 23. g4 Bb4 24. Kg2 Bc3 25. Rab1 h5 26. Ng3 hxg4 27. hxg4 Be6 28.
Nf5 Bxc4 29. dxc4 c5 30. Rbd1 Bxa5 31. Ne3 Rh8 32. Nd5 Rh6 33. Rh1 Rdh8 34. Nxf6
Qf7 35. Qf5 Ka7 36. Rxh6 Rxh6 37. Nd7 Qe7 38. Rh1 Rxh1 39. Kxh1 Bc7 40. Kg2 b5
41. cxb5 axb5 42. Nf6 Qf7 43. Qc8 Qxf6 44. Qxc7+ Ka6 45. Qxc5 Qf4 46. Qc8+ Ka5
47. Qf5 Qd2 48. Qxe5 Kb4 49. Qd6+ Kc3 50. Qc5+ Kb2 51. e5 Qf4 52. f3 Qd2+ 53.
Kg3 Qe1+ 54. Kg2 Qd2+ 55. Kg3 b4 56. e6 Qe3 57. e7 Qg1+ 58. Kh3 Qh1+ 59. Kg3
Qg1+ 60. Kh3 Qh1+ 1/2-1/2

[Event "Tata Steel India Rapid"]
[Site "Kolkata IND"]
[Date "2018.11.10"]
[Round "5.3"]
[White "So, Wesley"]
[Black "Vidit, Santosh Gujrathi"]
[Result "1-0"]
[WhiteTitle "GM"]
[BlackTitle "GM"]
[WhiteElo "2765"]
[BlackElo "2702"]
[WhiteFideId "5202213"]
[BlackFideId "5029465"]
[EventDate "2018.11.09"]

1. e4 c5 2. Nf3 Nc6 3. d4 cxd4 4. Nxd4 Nf6 5. Nc3 e5 6. Ndb5 d6 7. Bg5 a6 8. Na3
b5 9. Nd5 Be7 10. Bxf6 Bxf6 11. c4 b4 12. Nc2 O-O 13. h4 a5 14. g3 a4 15. Ndxb4
Nxb4 16. Nxb4 Qa5 17. Qd2 Rb8 18. a3 Be6 19. O-O-O Rfc8 20. Kb1 Qa8 21. f3 Be7
22. Bh3 Rxc4 23. Bxe6 fxe6 24. Rc1 Rbc8 25. Rxc4 Rxc4 26. Rc1 Qc8 27. Rxc4 Qxc4
28. Qd3 Qc5 29. Ka2 Kf7 30. Qa6 d5 31. Nc6 Bf6 32. Qxa4 Kg6 33. Na5 Kh6 34. Nb3
Qf2 35. g4 Qxh4 36. Qc6 Qf2 37. Qxe6 dxe4 38. Qf5 Bg5 39. Qxe4 g6 40. Qa8 Bf4
41. Qf8+ Kg5 42. Qd8+ Kh6 43. Qd5 Kg5 44. a4 h5 45. Qd8+ Kh6 46. g5+ Kh7 47.
Qe7+ Kg8 48. Qe6+ Kg7 49. Qf6+ Kh7 50. Qf7+ Kh8 51. Qxg6 Qxf3 52. Qe8+ Kg7 53.
Qe7+ Kg8 54. g6 Qd5 55. Qh7+ 1-0

[Event "Tata Steel India Rapid"]
[Site "Kolkata IND"]
[Date "2018.11.10"]
[Round "5.4"]
[White "Anand, Viswanathan"]
[Black "Harikrishna, Pentala"]
[Result "1/2-1/2"]
[WhiteTitle "GM"]
[BlackTitle "GM"]
[WhiteElo "2773"]
[BlackElo "2729"]
[WhiteFideId "5000017"]
[BlackFideId "5007003"]
[EventDate "2018.11.09"]

1. e4 e5 2. Nf3 Nc6 3. Bc4 Bc5 4. d3 Nf6 5. O-O O-O 6. c3 d6 7. h3 h6 8. Re1 a5
9. Nbd2 a4 10. Bb5 Bd7 11. Nf1 Ne7 12. Bxd7 Qxd7 13. Ng3 Ng6 14. d4 Bb6 15. Be3
Rfe8 16. Qc2 exd4 17. Bxd4 Ne5 18. Nxe5 dxe5 19. Bxb6 cxb6 20. Rad1 Qe6 21. a3
b5 22. Qe2 Qc4 23. Rd3 Rad8 24. Red1 Rxd3 25. Rxd3 g6 26. f3 Kg7 27. Qd2 Re7 28.
Nf1 Qc5+ 29. Ne3 Rd7 30. Kf2 Rxd3 31. Qxd3 Qb6 32. g4 Nh7 33. h4 Qf6 34. Qxb5
Qxh4+ 35. Kg2 Qe1 36. Qxe5+ Kg8 37. Nd5 Qe2+ 38. Kg3 Qe1+ 1/2-1/2

[Event "Tata Steel India Rapid"]
[Site "Kolkata IND"]
[Date "2018.11.10"]
[Round "5.5"]
[White "Karjakin, Sergey"]
[Black "Aronian, Levon"]
[Result "1/2-1/2"]
[WhiteTitle "GM"]
[BlackTitle "GM"]
[WhiteElo "2753"]
[BlackElo "2765"]
[WhiteFideId "14109603"]
[BlackFideId "13300474"]
[EventDate "2018.11.09"]

1. e4 e5 2. Nf3 Nc6 3. Bb5 Nf6 4. O-O Nxe4 5. Re1 Nd6 6. Nxe5 Be7 7. Bf1 Nxe5 8.
Rxe5 O-O 9. d4 Ne8 10. d5 Bc5 11. Re1 d6 12. Nc3 f5 13. Na4 Bxf2+ 14. Kxf2 Qh4+
15. Kg1 Qxa4 16. Re7 Qh4 17. Qe2 Nf6 18. Rxc7 Nxd5 19. Qc4 Qe4 20. Qxe4 fxe4 21.
Bc4 Be6 22. Rxb7 Rac8 23. Bb3 Rf7 24. Rxf7 Kxf7 25. c3 Rb8 26. Bxd5 Bxd5 27. b3
Bc6 28. Bf4 Rd8 29. Kf2 d5 30. Be3 a6 31. a4 Ke6 32. Bd4 Rf8+ 33. Ke3 Rf7 34.
Kd2 Kd6 35. Kc2 h5 36. Kb2 g5 37. Ka3 g4 38. Rb1 Kc7 39. Kb4 Rf8 40. Ka5 e3 41.
Bxe3 d4 42. Bxd4 Rf5+ 43. Kb4 Bxg2 44. Re1 a5+ 45. Ka3 Kd7 46. Re2 Bf3 47. Rd2
Rd5 48. Kb2 h4 49. Kc1 h3 50. Bf2 Rxd2 51. Kxd2 Bd5 52. Kc2 Bf3 53. b4 Kc6 54.
bxa5 Kb7 55. Kb3 Ka6 56. Kb4 Bc6 57. c4 Be8 58. Bg3 Bd7 59. Bh4 Be8 60. Bf2 Bd7
61. Be1 Be8 62. c5 Bc6 63. Kc4 g3 64. Bxg3 Kxa5 1/2-1/2